000 00729nas a2200241 4500
001 BR0705312
003 BR-BrBNA
005 20231205110955.0
007 ta
008 230509b bl.|||p| |||| 00| 00por d
040 _aBR-BrBNA
_bpor
_cBiblioteca Nacional de Agricultura
041 _a(Pt)
072 _aF70
100 1 _aArruda, L.
100 1 _aDaniel, O.
245 1 _aFlorística e diversidade em um fragmento de floresta estacional semidecidual aluvial em Dourados, MS
650 _aFLORESTA
650 _aFLORA
650 _aMATO GROSSO DO SUL
773 0 _tFloresta (Brazil)
_xISSN 0015-3826
_g(May-Aug 2007), v. 37(2) p. 189-199
_wBR0705312
909 _a202311
_bLúcia
_c55
_dLúcia Elande
942 _2AGRIS
_n0
_cANA
999 _c190024
_d190024